000 00737nam a2200301Ia 4500
008 180313s9999 xx 000 0 und d
020 _a9781338116618
050 _bGS FIC S857he 2017 bk 9
100 _aStilton, Geronimo
245 _aHeromice :
245 _binsect invation /
245 _cby Geronimo Stilton.
260 _aNew York, New York :
260 _bScholastic Inc.,
260 _c2017
300 _a115 pages :
300 _bcolored illustrations ;
300 _c19cm.
440 _aHeromice ;
440 _v9
650 _aMice --
650 _aStilton, Geronimo --
650 _xFiction.
650 _xGraphic novel.
650 _xJuvenile fiction.
700 _aSeries.
700 _aTitle.
999 _c356246
_d356246